| 000 | 00667nam a22002177a 4500 | ||
|---|---|---|---|
| 003 | OSt | ||
| 005 | 20150327182149.0 | ||
| 008 | 150128b xxu||||| |||| 00| 0 eng d | ||
| 020 | _a84-348-3773-0 | ||
| 040 | _cBMC | ||
| 082 | _a808.068083 | ||
| 100 | 1 |
_aNöstlinger, Christine _930740 |
|
| 245 | 1 | 0 |
_aAna está furiosa _cChristine Nöstlinger ; ilustraciones de Arnal Ballester ; [traducción del alemán, Carmen Bas] |
| 260 |
_aMadrid _bSM _c[1992] |
||
| 300 |
_a59 p. _bil. _c19 cm |
||
| 490 |
_aEl barco de vapor _v237 |
||
| 650 | 2 | 4 |
_929811 _aCuentos infantiles |
| 700 | 1 |
_aBallester, Arnal _930755 |
|
| 700 | 1 |
_aBas Álvarez, Carmen _930722 |
|
| 942 |
_2ddc _cBK |
||
| 999 |
_c17798 _d17798 |
||